Role of Effective Internal Control Structure in Achievement of Targeted Success in Businesses

Vývoj účinnej štruktúry vnútornej kontroly, pokiaľ ide o dosiahnutie očakávaného úspechu zo strany podnikov a jej vplyvu na podnikanie. Zabezpečenie efektívnosti operácií, spoľahlivosti systému finančného výkazníctva a dodržiavania zákonov.

Guardado en:
Detalles Bibliográficos
Autor principal: Turedi, Hasan
Otros Autores: Celayir, Duygu
Formato: Capítulo de libro
Lenguaje:inglés
Materias:
Etiquetas: Agregar Etiqueta
Sin Etiquetas, Sea el primero en etiquetar este registro!

MARC

LEADER 00000nla a2200000 4500
001 0243827
005 20220803161807.4
041 0 |a eng 
044 |a MK 
245 1 0 |a Role of Effective Internal Control Structure in Achievement of Targeted Success in Businesses  |c Hasan Turedi, Duygu Celayir 
520 |a Vývoj účinnej štruktúry vnútornej kontroly, pokiaľ ide o dosiahnutie očakávaného úspechu zo strany podnikov a jej vplyvu na podnikanie. Zabezpečenie efektívnosti operácií, spoľahlivosti systému finančného výkazníctva a dodržiavania zákonov. 
610 2 0 |a kontrola vnútorná 
610 2 0 |a kontrola vnútropodniková 
610 2 0 |a riadenie podnikové 
610 2 0 |a efektívnosť 
610 2 0 |a efektívnosť podnikania 
610 2 0 |a štruktúra organizačná 
610 2 0 |a štruktúra podniku organizačná 
100 1 |a Turedi, Hasan 
700 1 |a Celayir, Duygu